[Event "Arco op 45th"]
[Site "Arco"]
[Date "2023.10.09"]
[Round "3"]
[White "Cremonini, Stefano"]
[Black "Tafuni, Francesco"]
[Result "1-0"]
[WhiteElo "1573"]
[BlackElo "999"]
[PlyCount "85"]
[EventDate "2023.10.07"]
[EventType "swiss"]
[EventRounds "9"]
[EventCountry "ITA"]
[SourceTitle "CBM 216 Extra"]
[Source "ChessBase"]
[SourceDate "2023.11.30"]
[SourceVersion "1"]
[SourceVersionDate "2023.11.30"]
[SourceQuality "1"]

1. Nf3 e6 2. g3 d5 3. Bg2 c5 4. c4 d4 5. e3 Nc6 6. 0-0 Nf6 7. exd4 cxd4 8. d3 Be7 9. Re1 0-0 10. Na3 Bb4 11. Bd2 Bxd2 12. Qxd2 Re8 13. b4 Qb6 14. Rab1 Nd7 15. Nb5 e5 16. a4 Qd8 17. Nd6 Re7 18. c5 a5 19. b5 Nb4 20. Rxb4 axb4 21. Qxb4 Rb8 22. Nd2 b6 23. c6 Nc5 24. Nxc8 Rxc8 25. Qc4 Ra8 26. Ra1 Raa7 27. Nb3 Nxb3 28. Qxb3 Qc7 29. Qd5 g6 30. Bh3 Kg7 31. f4 exf4 32. Qxd4+ Qe5 33. Qxe5+ Rxe5 34. gxf4 Rd5 35. Rc1 Rc7 36. Rc3 f5 37. Bf1 Kf6 38. Bg2 Rd8 39. a5 bxa5 40. b6 Rcc8 41. c7 Rd7 42. b7 Rcxc7 43. Rxc7 1-0

[Event "Arco op 45th"]
[Site "Arco"]
[Date "2023.10.07"]
[Round "1"]
[White "Cremonini, Stefano"]
[Black "Deubelbeiss, Rene"]
[Result "0-1"]
[WhiteElo "1573"]
[BlackElo "1962"]
[PlyCount "66"]
[EventDate "2023.10.07"]
[EventType "swiss"]
[EventRounds "9"]
[EventCountry "ITA"]
[SourceTitle "CBM 216 Extra"]
[Source "ChessBase"]
[SourceDate "2023.11.30"]
[SourceVersion "1"]
[SourceVersionDate "2023.11.30"]
[SourceQuality "1"]

1. Nf3 c5 2. g3 g6 3. Bg2 Bg7 4. c4 Nc6 5. Nc3 Nf6 6. 0-0 0-0 7. d4 cxd4 8. Nxd4 Nxd4 9. Qxd4 d6 10. Bg5 Be6 11. Rac1 Nd5 12. Qh4 Nxc3 13. Rxc3 Bxc3 14. Bxe7 Qc7 15. bxc3 f6 16. Bxf8 Rxf8 17. Rb1 b6 18. Bd5 Bxd5 19. cxd5 Qxc3 20. Qf4 Qc5 21. Qe4 Kg7 22. Kg2 Rf7 23. Rb2 Rc7 24. a4 Qc3 25. Qb4 Qxb4 26. Rxb4 Rc5 27. Rb5 f5 28. Kf3 Kf6 29. Rb3 Rxd5 30. Re3 Ra5 31. Re8 Rxa4 32. Rh8 b5 33. Rxh7 b4 0-1

[Event "Arco op 44th"]
[Site "Arco"]
[Date "2022.10.08"]
[Round "1"]
[White "Cremonini, Stefano"]
[Black "Rempe, Jonas"]
[Result "0-1"]
[WhiteElo "1585"]
[BlackElo "1983"]
[PlyCount "48"]
[EventDate "2022.10.08"]
[EventType "swiss"]
[EventRounds "9"]
[EventCountry "ITA"]
[SourceTitle "CBM 210 Extra"]
[Source "ChessBase"]
[SourceDate "2022.11.30"]
[SourceVersion "1"]
[SourceVersionDate "2022.11.30"]
[SourceQuality "1"]

1. d4 Nf6 2. Nc3 d5 3. Bf4 e6 4. e3 c5 5. Nb5 Na6 6. c3 Be7 7. dxc5 Bxc5 8. Nf3 0-0 9. Bd3 Bd7 10. a4 h6 11. h4 Bxb5 12. axb5 Nc7 13. Ne5 Bd6 14. g4 Bxe5 15. Bxe5 Nd7 16. Bd6 Re8 17. Qf3 e5 18. Qg3 Ne6 19. Rd1 Qb6 20. Bb4 Nf4 21. Bf5 Qxb5 22. Rd2 Nb6 23. Rd1 a5 24. exf4 axb4 0-1

[Event "Arco op 43rd"]
[Site "Arco"]
[Date "2021.10.17"]
[Round "9"]
[White "Morselli, Stefano"]
[Black "Cremonini, Stefano"]
[Result "1/2-1/2"]
[WhiteElo "1790"]
[BlackElo "1531"]
[PlyCount "36"]
[EventDate "2021.10.09"]
[EventType "swiss"]
[EventRounds "9"]
[EventCountry "ITA"]
[SourceTitle "EXT 2023"]
[Source "ChessBase"]
[SourceDate "2022.10.05"]
[SourceVersion "1"]
[SourceVersionDate "2022.10.05"]
[SourceQuality "1"]

1. e4 d6 2. d4 Nf6 3. Nc3 e5 4. d5 Be7 5. f4 exf4 6. Bxf4 Nbd7 7. Nf3 0-0 8. Be2 a6 9. a4 Re8 10. 0-0 Bf8 11. Qd4 Qe7 12. Bd3 Ne5 13. a5 Bg4 14. Nd2 Nfd7 15. Na4 Nxd3 16. cxd3 Ne5 17. Rac1 Be2 18. Rf2 Nxd3 1/2-1/2

[Event "Bad Woerishofen op 34th"]
[Site "Bad Woerishofen"]
[Date "2018.03.01"]
[Round "7"]
[White "Kearsley, Raymond J"]
[Black "Cremonini, Stefano"]
[Result "1-0"]
[WhiteElo "1616"]
[BlackElo "1591"]
[PlyCount "69"]
[EventDate "2018.02.23"]
[EventType "swiss"]
[EventRounds "9"]
[EventCountry "GER"]
[SourceTitle "EXT 2019"]
[Source "ChessBase"]
[SourceDate "2018.10.10"]
[SourceVersion "1"]
[SourceVersionDate "2018.10.10"]
[SourceQuality "1"]

1. e4 g6 2. d4 Bg7 3. Nc3 d6 4. Nf3 a6 5. Be2 Nd7 6. 0-0 e6 7. Be3 Ne7 8. Qd2 h6 9. Rad1 b6 10. Ne1 Bb7 11. f4 f5 12. e5 d5 13. Nf3 Nf8 14. h4 Qd7 15. Nh2 0-0-0 16. h5 Qe8 17. hxg6 Qxg6 18. Na4 Rg8 19. Rf2 Nd7 20. Bd3 Kb8 21. b3 Ka7 22. Nb2 Rc8 23. a4 Bf8 24. c3 Qg7 25. b4 Ng6 26. Bf1 Be7 27. Nf3 Nh4 28. Nxh4 Bxh4 29. Rf3 Qf7 30. Nd3 Rg6 31. Rh3 Be7 32. a5 b5 33. Nc5 Nxc5 34. dxc5 Rcg8 35. c6+ 1-0

[Event "Arco Christmas op 6th"]
[Site "Arco"]
[Date "2015.12.28"]
[Round "4"]
[White "Rigo, Nicola"]
[Black "Cremonini, Stefano"]
[Result "0-1"]
[WhiteElo "1307"]
[BlackElo "1558"]
[PlyCount "52"]
[EventDate "2015.12.26"]
[EventType "swiss"]
[EventRounds "7"]
[EventCountry "ITA"]
[SourceTitle "CBM 170 Extra"]
[Source "ChessBase"]
[SourceDate "2016.02.25"]
[SourceVersion "1"]
[SourceVersionDate "2016.02.25"]
[SourceQuality "1"]

1. e4 b6 2. Nf3 Bb7 3. Bd3 g6 4. 0-0 Bg7 5. e5 e6 6. b3 Ne7 7. Bb2 0-0 8. Nc3 d6 9. Ne4 dxe5 10. Nxe5 Nbc6 11. Nxc6 Nxc6 12. Bxg7 Kxg7 13. Re1 Nb4 14. Ng5 Qxg5 15. Be4 Bxe4 16. Rxe4 Nd5 17. c4 Nf6 18. h4 Qf5 19. Rd4 Rad8 20. g4 Qe5 21. Rxd8 Rxd8 22. g5 Nh5 23. Qf1 Qd4 24. Re1 Qxh4 25. Qg2 Rd4 26. Kf1 Rg4 0-1